000 01138nam a2200301 i 4500
005 20221130160013.0
008 221130s2022 -uka j 000 1 eng d
020 _a9781782267607
_cRM 80.21
_qhardback
040 _aPPAK
_beng
_cPPAK
_erda
082 0 4 _a428.6
_223
090 0 0 _a428.6
_bHOF
_dK
100 1 _aHoffmeier, Lauren,
_eauthor.
245 1 0 _aMULA AND THE SNOOTY MONKEY /
_cLauren HOFFMEIER ; ILLUSTRATED BY Ela SMIETANKA
250 _a2022 Edition
264 1 _aLeicester :
_bSweet Cherry Publishing Limited ,
_c2022
300 _a1 volume (unpaged) :
_bcolour illustrations ;
_c25 x 25 cm.
336 _atext
_2rdacontent
336 _astill images
_2rdacontent
337 _aunmediated
_2rdamedia
338 _avolume
_2rdacarrier
490 1 _aA FUN YOGA STORY
500 _a"After the mischievous little Fly helped Mula the sleepy tiger to wake up and get energized, they're back to help Svadi, a very snooty monkey, stop worrying about what others think!".
650 1 0 _aReaders
_vFiction.
650 2 0 _aYoga
_vFiction.
700 1 _aSmietanka, Ela,
_eillustrator.
830 0 _aA fun yoga story
942 _2ddc
_cB
999 _c190313
_d190313